| 000 -LEADER |
| fixed length control field |
00293nam a2200121Ia 4500 |
| 008 - FIXED-LENGTH DATA ELEMENTS--GENERAL INFORMATION |
| fixed length control field |
260210s9999 xx 000 0 und d |
| 020 ## - INTERNATIONAL STANDARD BOOK NUMBER |
| International Standard Book Number |
9780486290614 |
| 100 ## - MAIN ENTRY--PERSONAL NAME |
| Personal name |
AJIT MOOKERJEE |
| 245 #0 - TITLE STATEMENT |
| Title |
5000 DESIGNS AND MOTIFS FROM INDIA |
| 260 ## - PUBLICATION, DISTRIBUTION, ETC. |
| Name of publisher, distributor, etc. |
DOVER PUB 1996 |
| 260 ## - PUBLICATION, DISTRIBUTION, ETC. |
| Date of publication, distribution, etc. |
1996 |
| 942 ## - ADDED ENTRY ELEMENTS (KOHA) |
| Koha item type |
B.Design |